000 00286nam a2200109Ia 4500
008 200302s9999 xx 000 0 und d
100 _apaul Laseau
245 _aGraphic Thinking For Architects and Designers 2nd ed.,
260 _bVan Nostrand Reinhold
260 _c1989
300 _a243 P.,
999 _c800
_d800